000 00574nam a22002297a 4500
003 UA-OsUOA
001 49118
007 ta
008 20070921b un ||||| |||| 00| 0 ukr d
100 _aКухалашвілі В.
090 _a82.09
_bК95
942 _cBK
040 _aUA-OsUOA
_bukr
_cUA-OsUOA
_dUA-OsUOA
245 _aНазим Хікмет
300 _a105 с.
955 _a1
041 _aukr
080 _a82.09
260 _aК.
_bДніпро
_c1976
650 7 _a82 Література. Літературознавство
_2UDC
999 _c335223
_d335223